[Event "Spring TNM"]
[Site "San Francisco"]
[Date "2006.04.18"]
[Round "4"]
[White "Dunham, Tom"]
[Black "Capdeville, Barry"]
[Result "1-0"]
[WhiteElo "1363"]
[BlackElo "1211"]
[PlyCount "75"]
[EventDate "2006.03.28"]
[EventType "swiss"]
[EventRounds "8"]
[EventCountry "USA"]

1. e4 e5 2. Nf3 Nf6 3. Nxe5 d6 4. Nf3 Nxe4 5. c4 c5 6. Nc3 Nf6 7. d4 cxd4 8.
Nxd4 Be7 9. Bd3 O-O 10. O-O Re8 11. Qf3 Nbd7 12. Nf5 Ne5 13. Qg3 Bxf5 14. Bxf5
Qc7 15. b3 Ned7 16. Bb2 Nh5 17. Qg4 Ndf6 18. Nd5 Qd8 19. Nxe7+ Rxe7 20. Qf3 Qf8
21. g4 g6 22. gxh5 Nxh5 23. Bg4 Ng7 24. Qc3 Rae8 25. Rad1 Re4 26. Bf3 Rf4 27.
Bxb7 Re5 28. Kh1 Qe7 29. Bd5 Qh4 30. Qg3 Qf6 31. Bxe5 dxe5 32. Rd2 Nf5 33. Qh3
Rh4 34. Qd3 e4 35. Bxe4 Qe5 36. f4 Rxf4 37. Rxf4 Qxf4 38. Bxf5 1-0

[Event "Spring TNM"]
[Site "San Francisco"]
[Date "2006.04.18"]
[Round "4"]
[White "Dupree, Charles"]
[Black "Mar, Henry"]
[Result "1-0"]
[WhiteElo "1721"]
[BlackElo "1537"]
[PlyCount "91"]
[EventDate "2006.03.28"]
[EventType "swiss"]
[EventRounds "8"]
[EventCountry "USA"]

1. e4 e6 2. d4 d5 3. Nd2 Nf6 4. e5 Nfd7 5. Bd3 c5 6. c3 c4 7. Bc2 b5 8. a3 Nc6
9. f4 Ne7 10. Ne2 Nf5 11. Nf3 Be7 12. Bd2 Nh4 13. O-O O-O 14. Kh1 f5 15. exf6
Bxf6 16. g4 Nxf3 17. Rxf3 g6 18. Ng3 Bg7 19. Qg1 Nf6 20. h3 Bb7 21. Qg2 Ne4 22.
Re1 Qd7 23. Nxe4 dxe4 24. Bxe4 Bxe4 25. Rxe4 Qc6 26. Qe2 Rae8 27. Be1 Bh6 28.
Bg3 Bg7 29. Kg1 Qb6 30. Rfe3 Bh6 31. g5 Bg7 32. Rxe6 Rxe6 33. Rxe6 Bxd4+ 34.
cxd4 Qxd4+ 35. Kh2 a5 36. Re7 c3 37. bxc3 Qxc3 38. Qe6+ Kh8 39. Qe5+ Qxe5 40.
Rxe5 Rb8 41. Bf2 b4 42. axb4 axb4 43. Bd4 Kg8 44. Re7 Rf8 45. Rg7+ Kh8 46.
Rxg6+ 1-0

[Event "Spring TNM"]
[Site "San Francisco"]
[Date "2006.04.18"]
[Round "4"]
[White "Frank, Robert"]
[Black "Hilliard, Michael"]
[Result "0-1"]
[WhiteElo "1235"]
[BlackElo "1413"]
[PlyCount "106"]
[EventDate "2006.03.28"]
[EventType "swiss"]
[EventRounds "8"]
[EventCountry "USA"]

1. d4 d5 2. Nf3 Nf6 3. e3 e6 4. Bd3 c5 5. c3 c4 6. Bc2 Bd6 7. Nbd2 Qc7 8. e4 e5
9. dxe5 Bxe5 10. O-O O-O 11. exd5 Nxd5 12. Nxc4 Rd8 13. Bd3 Bf6 14. Qc2 g6 15.
h3 Be6 16. Nd4 Qd7 17. Nxe6 Qxe6 18. Be4 Nc6 19. Ne3 Nde7 20. Ng4 Bh8 21. Bg5
Rd7 22. Rfe1 Qd6 23. Bxc6 bxc6 24. Rad1 Nd5 25. Qe4 f5 26. Nh6+ Kf8 27. Qd3 Re8
28. Rxe8+ Kxe8 29. Re1+ Kf8 30. Qg3 Bf6 31. Qxd6+ Rxd6 32. Bxf6 Rxf6 33. g4 Ne7
34. Rxe7 Kxe7 35. Ng8+ Kf7 36. Nxf6 Kxf6 37. f4 g5 38. fxg5+ Kxg5 39. gxf5 Kxf5
40. Kg2 Ke4 41. c4 Kd4 42. b3 Kc3 43. Kf3 Kb2 44. Ke4 Kxa2 45. b4 Kb3 46. b5 c5
47. Kd5 Kb4 48. h4 h5 49. Kc6 Kxc4 50. b6 axb6 51. Kxb6 Kb4 52. Kc6 c4 53. Kd5
c3 0-1

[Event "Spring TNM"]
[Site "San Francisco"]
[Date "2006.04.18"]
[Round "4"]
[White "Grey, Peter"]
[Black "Jones, Ian"]
[Result "1/2-1/2"]
[WhiteElo "2000"]
[BlackElo "1808"]
[PlyCount "55"]
[EventDate "2006.03.28"]
[EventType "swiss"]
[EventRounds "8"]
[EventCountry "USA"]

1. Nf3 Nf6 2. c4 e6 3. g3 d5 4. Bg2 Be7 5. O-O O-O 6. d4 c5 7. cxd5 Nxd5 8. e4
Nf6 9. Nc3 cxd4 10. Nxd4 e5 11. Ndb5 Qd7 12. Qxd7 Nbxd7 13. Nc7 Rb8 14. Be3 Bc5
15. Bxc5 Nxc5 16. Rfd1 Bd7 17. b4 Ne6 18. Nxe6 Bxe6 19. Nd5 Rfd8 20. h3 Rd7 21.
Nxf6+ gxf6 22. Rxd7 Bxd7 23. Rc1 Rc8 24. Rxc8+ Bxc8 25. Kf1 Kf8 26. Ke2 Be6 27.
a3 b6 28. Kd3 1/2-1/2

[Event "Spring TNM"]
[Site "San Francisco"]
[Date "2006.04.18"]
[Round "4"]
[White "Hoo, Jonathan Soo"]
[Black "Gurtovoy, Jason"]
[Result "1/2-1/2"]
[WhiteElo "1824"]
[BlackElo "1698"]
[PlyCount "117"]
[EventDate "2006.03.28"]
[EventType "swiss"]
[EventRounds "8"]
[EventCountry "USA"]

1. e4 c6 2. d4 d5 3. Nc3 dxe4 4. Nxe4 Bf5 5. Ng3 Bg6 6. N1e2 h6 7. Nf4 Bh7 8.
Bc4 Nf6 9. h4 e6 10. Qe2 Bd6 11. Nfh5 O-O 12. Be3 Nbd7 13. O-O-O Nd5 14. Qg4
Bg6 15. Ne4 N7f6 16. Nexf6+ Nxf6 17. Nxf6+ Qxf6 18. h5 Bh7 19. Bd3 e5 20. Rh3
exd4 21. Rf3 Qe6 22. Qxe6 fxe6 23. Rxf8+ Rxf8 24. Bxh7+ Kxh7 25. Bxd4 Bf4+ 26.
Kb1 b6 27. g3 Rd8 28. gxf4 c5 29. c3 cxd4 30. Kc2 Rd5 31. Rxd4 Rxh5 32. Re4 Rh2
33. Re2 h5 34. Kd3 h4 35. Ke4 Kg6 36. Kf3 Kf5 37. Re5+ Kf6 38. b4 Rh1 39. Kg4
Rc1 40. Re3 Rc2 41. a4 Rxf2 42. a5 bxa5 43. bxa5 h3 44. Rxh3 Ra2 45. Rh5 Ra4
46. Rc5 g5 47. Rxg5 Rc4 48. Rh5 a6 49. Rh7 Rxc3 50. Rh6+ Ke7 51. Rh7+ Kd6 52.
Ra7 Rc6 53. Kg5 Rc5+ 54. Kf6 Rf5+ 55. Kg6 Rxa5 56. Kf7 Rf5+ 57. Kg6 Rxf4 58.
Rxa6+ Ke5 59. Ra5+ {a theoretical draw} 1/2-1/2

[Event "Spring TNM"]
[Site "San Francisco"]
[Date "2006.04.18"]
[Round "4"]
[White "Litowsky, Dan"]
[Black "Ostrovsky, Sergey"]
[Result "0-1"]
[WhiteElo "1700"]
[BlackElo "1870"]
[PlyCount "72"]
[EventDate "2006.03.28"]
[EventType "swiss"]
[EventRounds "8"]
[EventCountry "USA"]

1. e4 c5 2. Nc3 d6 3. Bc4 g6 4. Nf3 Bg7 5. d3 Nc6 6. a3 Nf6 7. h3 O-O 8. O-O a6
9. Be3 b5 10. Bb3 Bb7 11. Qd2 Re8 12. Bh6 Bh8 13. Nd1 Na5 14. Ba2 Qc7 15. Qg5
e6 16. Ne3 c4 17. Rac1 Nd7 18. Nd1 d5 19. Re1 dxe4 20. dxe4 Nc5 21. Nd2 Nc6 22.
Qxc5 Bd4 23. Qg5 f6 24. Qh4 g5 25. Qh5 Qf4 26. Re2 Ne5 27. g3 Qxg3+ 28. Kf1 Qh2
29. Nf3 Qh1+ 30. Ng1 Bxe4 31. Rxe4 Qxe4 32. Bb1 Qf4 33. Ne2 Qd2 34. c3 Nd3 35.
Nxd4 Qe1+ 36. Kg2 Nf4+ 0-1

[Event "Spring TNM"]
[Site "San Francisco"]
[Date "2006.04.18"]
[Round "4"]
[White "Moore, Randolph"]
[Black "Wong, Russell"]
[Result "0-1"]
[WhiteElo "1508"]
[BlackElo "2200"]
[PlyCount "54"]
[EventDate "2006.03.28"]
[EventType "swiss"]
[EventRounds "8"]
[EventCountry "USA"]

1. d4 Nf6 2. Nc3 d5 3. Bg5 Bf5 4. f3 Nbd7 5. Nxd5 Nxd5 6. e4 h6 7. Bd2 e5 8. c4
Bxe4 9. Qb3 N5b6 10. fxe4 Qh4+ 11. Qg3 Qxe4+ 12. Qe3 Qxe3+ 13. Bxe3 Bb4+ 14.
Kf2 O-O 15. a3 Be7 16. Rd1 Rad8 17. Be2 f5 18. dxe5 Nxe5 19. h3 Rxd1 20. Bxd1
Nbxc4 21. Bb3 Kh7 22. Nf3 Nd3+ 23. Ke2 Nxe3 24. Kxd3 Nxg2 25. Bc2 Bd6 26. b3
Re8 27. h4 Re3+ 0-1

[Event "Spring TNM"]
[Site "San Francisco"]
[Date "2006.04.18"]
[Round "4"]
[White "Naroditsky, Daniel"]
[Black "Tserendorj, Batsaikhan"]
[Result "0-1"]
[WhiteElo "1944"]
[BlackElo "2153"]
[PlyCount "100"]
[EventDate "2006.03.28"]
[EventType "swiss"]
[EventRounds "8"]
[EventCountry "USA"]

1. e4 d5 2. exd5 c6 3. dxc6 Nxc6 4. Nf3 e5 5. Nc3 Nf6 6. d3 h6 7. Be2 Bd6 8.
Be3 O-O 9. O-O Bc7 10. Bc5 Re8 11. Nd2 Nd7 12. Be3 f5 13. Nb3 Nf6 14. Bf3 a6
15. Bc5 Ne7 16. Re1 Ng6 17. Nd2 Nh4 18. Bh5 b6 19. Bxe8 Qxe8 20. Be3 Qg6 21. g3
f4 22. Nf3 Nxf3+ 23. Qxf3 Rb8 24. Nd5 (24. Qc6 Qf7 25. gxf4 Kh8 (25... Bb7 26.
Qc4) 26. f5 Bxf5 27. a4 e4 (27... Bh3) 28. Nxe4 Rc8 29. Ng3 Bxg3 30. Qf3 Bxh2+
31. Kxh2 Bg4 32. Qg3 Rxc2 33. Rh1 Be2 34. Bxb6 Rxb2 35. Rhb1 Qh5+ 36. Kg2)
24... Nxd5 25. Qxd5+ Kh8 26. Qc4 Bd6 27. Bd2 Bg4 28. Qd5 Rf8 29. Rxe5 (29. f3
Bh3 30. g4 h5 31. Qe4 Qg5 (31... Bc5+ 32. Kh1 Qg5 33. Qxe5) 32. Kh1 hxg4 33.
Rg1 Qh4 34. Be1 (34. fxg4 f3 35. Be3 f2 36. Rgf1 Bc5 $1) 34... Qh5 35. fxg4 (
35. Bb4 Bxb4 (35... gxf3 36. Bxd6) 36. Qxb4 Rc8 (36... Qf5 37. fxg4 Bxg4 38.
Rxg4) 37. fxg4 Bxg4 38. Qd2 Bf3+ 39. Rg2 Qg4 40. Rag1 Rc6) (35. Bf2 g3 (35...
gxf3 36. Bxb6 Bg2+ 37. Rxg2 fxg2+ 38. Qxg2 f3 39. Qf2 Rf4) 36. Bxg3 Bc5) 35...
Bxg4 36. Rf1 Qh3 37. Bc3 f3 38. Rg1 Rf4 (38... f2 39. Qxg4 Qxg4 40. Rxg4 f1=Q+
41. Rxf1 Rxf1+ 42. Rg1 Rf2 43. Rg2 Rf1+ 44. Rg1 Rf2)) 29... fxg3 30. hxg3 Bxe5
31. Qxe5 Bf3 32. Bc3 (32. Re1 $1 Qg4 (32... Rf5 33. Qe8+ Qxe8 34. Rxe8+) (32...
Qc6 33. Bc3 $1) 33. Re3 Qh3 34. Rxf3 Rxf3 35. Qe8+ Kh7 $14) 32... Rf5 33. Qxg7+
Qxg7 34. Bxg7+ Kxg7 35. g4 Rf4 36. Kh2 Rxg4 37. Re1 h5 38. Re7+ Kf6 39. Re8 Kg5
40. Rg8+ Kh4 41. Rxg4+ Kxg4 42. d4 b5 43. a4 bxa4 44. c4 Be2 45. c5 Bf3 46. Kg1
Bd5 47. Kh2 Kf3 48. Kh3 Kxf2 49. Kh4 Ke3 50. Kxh5 Kxd4 {
0-1 Naroditsky,D-Tserendorj,B/Mechanics, San Francisco 2006} 0-1

[Event "Spring TNM"]
[Site "San Francisco"]
[Date "2006.04.18"]
[Round "4"]
[White "Nochomovitz, Yigal"]
[Black "Ossipov, Victor"]
[Result "1/2-1/2"]
[WhiteElo "1826"]
[BlackElo "2135"]
[PlyCount "48"]
[EventDate "2006.03.28"]
[EventType "swiss"]
[EventRounds "8"]
[EventCountry "USA"]

1. f4 d5 2. Nf3 Nf6 3. e3 e6 4. Be2 Be7 5. O-O O-O 6. d3 c5 7. Qe1 Nc6 8. Nc3
d4 9. Ne4 Nb4 10. Bd1 dxe3 11. Bxe3 b6 12. Qg3 Nbd5 13. Bd2 Nh5 14. Qg4 g6 15.
Qh3 Ndxf4 16. Bxf4 Nxf4 17. Qh6 Nh5 18. g4 f5 19. gxh5 fxe4 20. hxg6 hxg6 21.
Qxg6+ Kh8 22. Qh6+ Kg8 23. Qg6+ Kh8 24. Qh6+ Kg8 1/2-1/2

[Event "Spring TNM"]
[Site "San Francisco"]
[Date "2006.04.18"]
[Round "4"]
[White "Regan, Jack"]
[Black "Chan, John"]
[Result "0-1"]
[WhiteElo "1550"]
[BlackElo "1693"]
[PlyCount "99"]
[EventDate "2006.03.28"]
[EventType "swiss"]
[EventRounds "8"]
[EventCountry "USA"]

1. Nf3 d5 2. d4 c6 3. c4 e6 4. Nc3 Nf6 5. Bg5 Be7 6. e3 O-O 7. Rc1 Nbd7 8. Bd3
Re8 9. O-O h6 10. Bf4 Nf8 11. h3 Bb4 12. c5 Bxc3 13. Rxc3 Ne4 14. Bxe4 dxe4 15.
Nd2 f5 16. Qb3 Kh7 17. Rfc1 Ng6 18. Bg3 Rf8 19. Qc2 Rf7 20. Nc4 Rf8 21. Ne5 Ne7
22. Qe2 Qe8 23. b4 Nd5 24. Rb3 a6 25. a4 g5 26. b5 axb5 27. axb5 f4 28. exf4
gxf4 29. Qxe4+ Rf5 30. Bh2 Kh8 31. b6 Ra2 32. Rf3 Qg8 33. Bxf4 Nf6 34. Qb1 Re2
35. Rg3 Qe8 36. Ng6+ Kh7 37. Qd3 Re4 38. f3 Rexf4 39. Nxf4 e5 40. Ng6 exd4 41.
Nh4 Qe5 42. Kf2 Ne4+ 43. Kg1 Nxg3 44. Nxf5 Bxf5 45. Qc4 Qg7 46. Re1 Bg6 47. Qc1
Nf5 48. Qd2 Ne3 49. Rxe3 dxe3 50. Qxe3 {
remainder illegible; B won in 5 more moves} 0-1

[Event "Spring TNM"]
[Site "San Francisco"]
[Date "2006.04.18"]
[Round "4"]
[White "Rich, Albert"]
[Black "Shaknazarov, Oleg"]
[Result "0-1"]
[WhiteElo "2262"]
[BlackElo "2177"]
[Annotator "Albert"]
[PlyCount "104"]
[EventDate "2006.03.28"]
[EventType "swiss"]
[EventRounds "8"]
[EventCountry "USA"]

1. d4 e6 2. Nf3 Be7 3. e4 d5 4. Nc3 b6 5. exd5 exd5 6. Ne5 c6 7. Bd3 Nf6 8. O-O
O-O 9. Ne2 c5 10. c3 Bb7 11. Ng3 g6 12. Bh6 Re8 13. Bb5 Nbd7 14. Qa4 a6 15.
Bxd7 b5 16. Bxe8 bxa4 17. Bxf7+ Kh8 18. Bxg6 Qb6 19. Bd3 $6 (19. Nf5 hxg6 20.
Nxg6+ Kh7 21. Ngxe7 $18) 19... Re8 20. dxc5 (20. Nf5) 20... Bxc5 21. Bf4 Bc8
22. Rae1 (22. b4 $1 axb3 23. axb3 Qxb3 (23... a5 24. Bc2) 24. Rfb1 Qxc3 25. Ne2
$18) 22... Kg7 (22... Qxb2 23. Bg5 Rf8 (23... Kg7 24. Bxf6+ Kxf6 25. Nh5+ Kg5
26. Nf7+ $18) 24. Bh6 Re8 25. Nh5 $1 Nxh5 26. Nf7+ Kg8 27. Rxe8+ Kxf7 28. Rxc8
Qxc3 29. Bxh7 $18) 23. Re2 h5 24. Bg5 Rh8 25. Ng6 Bg4 26. Ree1 Rd8 27. h3 Bc8
28. Ne7 Qxb2 29. Nef5+ (29. Rb1 $1 Qxc3 30. Bxf6+ Kxf6 (30... Qxf6 31. Nxh5+
$18) 31. Nxd5+ Rxd5 32. Ne4+ Kf5 33. Nxc3+ Rxd3 34. Nxa4 $18) 29... Bxf5 30.
Nxf5+ Kf7 31. Nh6+ Kg7 32. Re6 Rf8 33. Rb1 $2 (33. Nf5+ Kg6 34. Bxf6 Rxf6 35.
Nd6+ Kg7 36. Ne8+ Kf7 37. Rxf6+ Kxe8 38. Rxa6 $18) 33... Qxf2+ 34. Kh1 Ne4 $1
35. Bxe4 (35. Re5 Bd6 36. Rxd5 Qg3 $19) 35... dxe4 36. Rxe4 Bd6 37. Be3 Qg3 38.
Rb7+ $138 (38. Ng4 Kh7 39. Rb7+ (39. Re6 hxg4 40. Rb7+ Rf7 41. Rxf7+ Kg8 42.
Rxd6 Kxf7) 39... Kg6 40. Rb6 Qe1+ 41. Bg1 Qxe4 42. Rxd6+ Kf7 43. Ne3 $19) 38...
Kg6 39. Re6+ (39. Bg1 Kxh6 (39... Qxc3 40. Rb6 Qf6 41. Rd4 Rd8 42. Ng8 Qe5 43.
Rd5 $1 Qe6 44. Bc5 Qxg8) 40. Re6+ Kg5 41. Rg7+) 39... Rf6 40. Rxf6+ Kxf6 41.
Bd4+ Ke6 42. Bg1 Qxc3 43. Rb6 Qc4 44. Ng8 $2 (44. Nf7 Kxf7 45. Rxd6 Qxa2 46.
Rxa6) 44... Qf1 45. Nh6 Kd5 46. Rxa6 $2 Bc5 47. Kh2 Qxg1+ 48. Kg3 Qf2+ 49. Kh2
Qf4+ 50. Kh1 Qf1+ 51. Kh2 Bg1+ 52. Kg3 Qf2# 0-1

[Event "Spring TNM"]
[Site "San Francisco"]
[Date "2006.04.18"]
[Round "4"]
[White "Rudyak, Felix"]
[Black "Penoyer, Flyn"]
[Result "0-1"]
[WhiteElo "1932"]
[BlackElo "1800"]
[PlyCount "132"]
[EventDate "2006.03.28"]
[EventType "swiss"]
[EventRounds "8"]
[EventCountry "USA"]

1. d4 Nf6 2. Bg5 d5 3. Nf3 Bf5 4. c4 c6 5. Nc3 e6 6. cxd5 exd5 7. Qb3 b6 8. Ne5
Be7 9. g3 O-O 10. Bg2 h6 11. Bxf6 Bxf6 12. O-O Bxe5 13. dxe5 Nd7 14. f4 Nc5 15.
Qd1 Rc8 16. b4 Ne4 17. Nxe4 dxe4 18. Qxd8 Rfxd8 19. Rfd1 Kf8 20. Kf2 c5 21.
bxc5 Rxd1 22. Rxd1 Rxc5 23. Rd4 Rc2 24. Ra4 a5 25. h3 Be6 26. a3 Bc4 27. Bxe4
Rxe2+ 28. Kf3 Bb5 29. Rd4 Ra2 30. Rd6 Rxa3+ 31. Kg4 Be2+ 32. Kh4 b5 33. Bd5 g5+
34. fxg5 hxg5+ 35. Kxg5 Rxg3+ 36. Kh4 Re3 37. Kg5 Rxh3 38. Rd8+ Kg7 39. Rd7
Rh5+ 40. Kf4 Rh4+ 41. Kg5 Rh5+ 42. Kf4 Rh4+ 43. Kg3 Rh5 44. Rxf7+ Kg6 45. Rf6+
Kg7 46. Rf7+ Kg6 47. Kf4 Bc4 48. Rf6+ Kg7 49. Bf3 Rh6 50. Rf5 a4 51. Be4 a3 52.
Rg5+ Kf7 53. Ke3 a2 54. Rg1 Ke6 55. Kd4 Rh2 56. Rg6+ Kf7 57. Ra6 Rd2+ 58. Kc3
Rd1 59. Kb2 b4 60. Ra5 Ke6 61. Bc2 Rd2 62. Kc1 Re2 63. Bb3 a1=Q+ 64. Rxa1 Bxb3
65. Ra6+ Kxe5 66. Rb6 Re4 0-1

[Event "Spring TNM"]
[Site "San Francisco"]
[Date "2006.04.18"]
[Round "4"]
[White "Sainz, Guadalupe"]
[Black "Todortsev, Victor"]
[Result "0-1"]
[WhiteElo "1774"]
[BlackElo "1961"]
[PlyCount "98"]
[EventDate "2006.03.28"]
[EventType "swiss"]
[EventRounds "8"]
[EventCountry "USA"]

1. d4 c5 2. d5 d6 3. c4 Nf6 4. Nc3 g6 5. e4 Bg7 6. f4 O-O 7. Nf3 e6 8. Be2 exd5
9. cxd5 Re8 10. Qc2 Na6 11. a3 Nc7 12. O-O b5 13. e5 Bf5 14. Qd1 Ne4 15. Nxb5
a6 16. Nxd6 Nxd6 17. exd6 Qxd6 18. Bc4 Rad8 19. Re1 Rxe1+ 20. Qxe1 Nxd5 21. Ne5
Be6 22. b3 Nxf4 23. Bxf4 Qd4+ 24. Be3 Qxe5 25. Rc1 Bxc4 26. bxc4 Re8 27. Bf2
Qxe1+ 28. Rxe1 Rxe1+ 29. Bxe1 Bd4+ 30. Bf2 f5 31. Bxd4 cxd4 32. Kf2 Kf7 33. Ke2
Ke6 34. Kd3 Ke5 35. h4 a5 36. c5 Kd5 37. c6 Kxc6 38. Kxd4 Kd6 39. a4 h6 40. Kc4
g5 41. hxg5 hxg5 42. Kd4 f4 43. Ke4 Ke6 44. Kd4 Kf5 45. Kd3 Kg4 46. Ke2 Kg3 47.
Kf1 f3 48. gxf3 Kxf3 49. Kg1 Ke3 0-1

[Event "Spring TNM"]
[Site "San Francisco"]
[Date "2006.04.18"]
[Round "4"]
[White "Salvo, Tab"]
[Black "Braden, Brian"]
[Result "1-0"]
[WhiteElo "1736"]
[BlackElo "1134"]
[PlyCount "89"]
[EventDate "2006.03.28"]
[EventType "swiss"]
[EventRounds "8"]
[EventCountry "USA"]

1. Nf3 d6 2. g3 e5 3. d3 Nf6 4. Nbd2 b6 5. Bg2 Bb7 6. e4 Be7 7. O-O O-O 8. c4
Nc6 9. a3 a5 10. b3 Qc8 11. h3 Re8 12. Bb2 Bf8 13. Re1 g6 14. Nf1 Bg7 15. Qd2
Qe6 16. b4 Red8 17. b5 Ne7 18. a4 Qd7 19. Rad1 Qe8 20. Bc1 Nd7 21. Qc2 Qf8 22.
N1h2 f5 23. Ng5 Qf6 24. Ngf3 fxe4 25. dxe4 Qf8 26. Ng5 Qf6 27. Ng4 Qf8 28. Ne6
Qe8 29. Nxc7 Qf8 30. Nxa8 Bxa8 31. Rxd6 Nc8 32. Rd3 Nd6 33. f3 Nf6 34. Nxf6+
Qxf6 35. Red1 Nf7 36. Rxd8+ Nxd8 37. h4 Nb7 38. Rd7 Nc5 39. Bg5 Qe6 40. Rd8+
Bf8 41. Rxa8 Qd7 42. Rd8 Qf7 43. Qd1 Kg7 44. Qd2 h6 45. Bxh6+ 1-0

[Event "Spring TNM"]
[Site "San Francisco"]
[Date "2006.04.18"]
[Round "4"]
[White "Samatra, Mario"]
[Black "Dembling, Arthur"]
[Result "0-1"]
[WhiteElo "1914"]
[BlackElo "1674"]
[PlyCount "58"]
[EventDate "2006.03.28"]
[EventType "swiss"]
[EventRounds "8"]
[EventCountry "USA"]

1. d4 Nf6 2. Bg5 d5 3. Bxf6 exf6 4. e3 Be6 5. g3 Bd6 6. Ne2 O-O 7. Nd2 f5 8.
Bg2 c6 9. O-O Nd7 10. Nf4 Nf6 11. b3 Ne4 12. Ne2 Qe7 13. c3 Rac8 14. b4 b6 15.
Qc2 c5 16. bxc5 bxc5 17. Qd3 cxd4 18. cxd4 Ba3 19. Rab1 Rc7 20. Rb3 Bb4 21. Nf3
Rfc8 22. a3 Bd6 23. Rfb1 h6 24. h4 Rc2 25. Rb7 R8c7 26. Rxc7 Qxc7 27. Ne5 Rxe2
28. Bxe4 Ra2 29. Bxf5 Rxa3 {W time exp} 0-1

[Event "Spring TNM"]
[Site "San Francisco"]
[Date "2006.04.18"]
[Round "4"]
[White "Sanguinetti, George"]
[Black "Standen, Julian"]
[Result "1-0"]
[WhiteElo "1959"]
[BlackElo "1707"]
[PlyCount "87"]
[EventDate "2006.03.28"]
[EventType "swiss"]
[EventRounds "8"]
[EventCountry "USA"]

1. e4 c6 2. d4 d5 3. exd5 cxd5 4. c4 Nf6 5. Nc3 e6 6. Nf3 Be7 7. a3 Ne4 8. Bd3
Nxc3 9. bxc3 O-O 10. O-O Nc6 11. Re1 f5 12. Rb1 b6 13. Re3 Bd7 14. Bb2 Rc8 15.
Nd2 Bf6 16. f4 Qc7 17. Qf1 Kh8 18. Rbe1 Rce8 19. g3 g6 20. Bb1 Qd8 21. h4 h5
22. Ba2 Bc8 23. Nf3 Kh7 24. Qe2 Re7 25. a4 Rc7 26. Ba3 Rg8 27. Kg2 Kg7 28. c5
bxc5 29. Bxc5 Kh7 30. Qb5 Bd7 31. Qb2 Bc8 32. Qa3 Rb7 33. Bb1 Bd7 34. Bd3 Qb8
35. Bb5 Bd8 36. Bd6 Bc7 37. Ng5+ Kh8 38. Bxc6 Bxc6 39. Rxe6 Bxd6 40. Qxd6 Rb2+
41. Kf3 Bxa4 42. Rxg6 Rxg6 43. Qxg6 Qc7 44. Nf7+ 1-0

[Event "Spring TNM"]
[Site "San Francisco"]
[Date "2006.04.18"]
[Round "4"]
[White "Sherwood, Peter"]
[Black "Lupton, Stephen"]
[Result "1-0"]
[WhiteElo "1755"]
[BlackElo "1349"]
[PlyCount "178"]
[EventDate "2006.03.28"]
[EventType "swiss"]
[EventRounds "8"]
[EventCountry "USA"]

1. e4 e5 2. Nf3 Nc6 3. Bb5 a6 4. Ba4 Nf6 5. O-O Be7 6. Re1 b5 7. Bb3 d6 8. h3
O-O 9. c3 Na5 10. Bc2 c5 11. d4 Nd7 12. Nbd2 exd4 13. cxd4 Nc6 14. Nf1 Bb7 15.
Ng3 Nb4 16. Bb1 d5 17. a3 dxe4 18. Nxe4 Nd5 19. Qc2 cxd4 20. Nc5 N7f6 21. Nxb7
Qb6 22. Bg5 Qxb7 23. Nxd4 Rac8 24. Qd3 Rfe8 25. Bc2 Qb6 26. b4 Rc3 27. Qd2 Rec8
28. Re2 R8c4 29. Rd1 h6 30. Bxf6 Qxf6 31. Bb3 Rxb3 32. Nxb3 Nc3 33. Rxe7 Qxe7
34. Re1 Re4 35. Rc1 Ne2+ 36. Kf1 Nxc1 37. Qxc1 Rc4 38. Qd2 Qe4 39. Qd1 Qc2 40.
Qxc2 Rxc2 41. Nc5 Ra2 42. Nxa6 Rxa3 43. Nc7 Rb3 44. Nxb5 Rxb4 45. Nc3 Kf8 46.
Ke2 h5 47. Nd5 Rd4 48. Ne3 g6 49. g3 f5 50. Kf3 Kf7 51. h4 Kf6 52. Ng2 g5 53.
hxg5+ Kxg5 54. Nf4 Re4 55. Nh3+ Kf6 56. Nf4 Ke5 57. Nxh5 Ra4 58. Nf4 Ra3+ 59.
Kg2 Ke4 60. Nh3 Rb3 61. Ng5+ Ke5 {draw offer (B had 2 min left)} 62. Nf3+ Kf6
63. Nd4 Rd3 64. Ne2 Rd8 65. Nf4 Rg8 66. Kf3 Rg4 67. Ng2 Ke5 68. Nf4 Rg8 69. Ke3
Rg4 70. Nd3+ Kf6 71. Kf3 Ke6 72. Nf4+ Ke5 73. Ng2 Kd4 74. Ne3 Re4 75. Nxf5+ Ke5
76. Ne3 Ra4 77. Kg2 Re4 78. Kf3 Ra4 79. g4 Kf6 80. Kg3 Kg6 81. f3 Kf6 82. Nf5
Kg6 83. f4 Rb4 84. Nh4+ Kf6 85. g5+ Kg7 86. Kg4 Kf7 87. Nf3 Re4 88. Kf5 Re6 $4
(88... Ra4 $11) 89. Ne5+ Kg7 1-0

[Event "Spring TNM"]
[Site "San Francisco"]
[Date "2006.04.18"]
[Round "4"]
[White "Thornally, Frank"]
[Black "Russell, Joe"]
[Result "1-0"]
[WhiteElo "2200"]
[BlackElo "1529"]
[PlyCount "82"]
[EventDate "2006.03.28"]
[EventType "swiss"]
[EventRounds "8"]
[EventCountry "USA"]

1. Nf3 Nf6 2. d4 d5 3. c4 e6 4. Nc3 Be7 5. Bg5 O-O 6. e3 b6 7. Rc1 Bb7 8. Bxf6
Bxf6 9. cxd5 exd5 10. Bd3 a6 11. Ne2 g6 12. O-O Nd7 13. b4 Rc8 14. Qb3 c6 15.
Nf4 b5 16. e4 Bg5 17. Nxg5 Qxg5 18. g3 dxe4 19. Bxe4 Nf6 20. Bf3 Rfd8 21. Rc5
Nd5 22. Rfc1 Qf6 23. Bxd5 cxd5 24. Qe3 Rxc5 25. Rxc5 Qd6 26. Qc3 Rd7 27. a3 Kg7
28. h4 h5 29. Nd3 f6 30. Nf4 Qe7 31. f3 Qf7 32. Kf2 Qe7 33. Qd3 Qf7 34. Rc2 Re7
35. Re2 Rxe2+ 36. Qxe2 Qd7 37. Qc2 Qf7 38. Qc5 Qd7 39. Kg2 Qf7 40. Qd6 Kh6 41.
Ne6 Qe8 1-0

[Event "Spring TNM"]
[Site "San Francisco"]
[Date "2006.04.18"]
[Round "4"]
[White "Traub, Igor"]
[Black "Ladyzhensky, Boris"]
[Result "1-0"]
[WhiteElo "2076"]
[BlackElo "1733"]
[PlyCount "108"]
[EventDate "2006.03.28"]
[EventType "swiss"]
[EventRounds "8"]
[EventCountry "USA"]

1. e4 c5 2. d3 g6 3. f4 Bg7 4. Nf3 d6 5. Be2 Nc6 6. O-O Nf6 7. c3 O-O 8. Kh1
Qc7 9. a4 Bd7 10. Na3 a6 11. Be3 Rfb8 12. Ng5 h6 13. Nf3 d5 14. e5 Ng4 15. Bg1
h5 16. Bxc5 Ncxe5 17. Nxe5 Bxe5 18. fxe5 Qxc5 19. d4 Qc8 20. Qd2 Kg7 21. Bf3
Be6 22. Qg5 f6 23. exf6+ exf6 24. Qf4 Qd7 25. Bxg4 hxg4 26. Qxf6+ Kh7 27. Rfe1
Re8 28. Nc2 Bf5 29. Ne3 Re4 30. Qh4+ Kg7 31. Nf1 Rh8 32. Qg3 Qe7 33. Rxe4 dxe4
34. Ne3 Qd7 35. Qe5+ Kh7 36. Nd5 Qe6 37. Nf6+ Kh6 38. Nxg4+ Kh7 39. Nf6+ Kh6
40. Qxe6 Bxe6 41. Nxe4 Rf8 42. Kg1 Bd5 43. Ng3 Re8 44. a5 Re3 45. Kf2 Rd3 46.
Nf1 Bc4 47. Re1 Bb5 48. Re4 Rd1 49. Ne3 Rd2+ 50. Kf3 Rxb2 51. c4 Ba4 52. h4 Rd2
53. g4 g5 54. h5 Bc2 1-0

[Event "Spring TNM"]
[Site "San Francisco"]
[Date "2006.04.18"]
[Round "4"]
[White "Tuvshintugs, Batchimeg"]
[Black "Purcell, Brendan"]
[Result "0-1"]
[WhiteElo "2271"]
[BlackElo "1891"]
[PlyCount "38"]
[EventDate "2006.03.28"]
[EventType "swiss"]
[EventRounds "8"]
[EventCountry "USA"]

1. e4 c5 2. Nf3 d6 3. d4 cxd4 4. Nxd4 Nf6 5. Nc3 g6 6. Be3 Bg7 7. f3 Nc6 8. Bc4
O-O 9. Qd2 Bd7 10. O-O-O Ne5 11. Bb3 Qa5 12. g4 Rfc8 13. h4 Rc4 14. Bxc4 Nxc4
15. Qe2 Qb4 16. Nb3 Nxb2 17. Kxb2 Nxe4 18. fxe4 Qxc3+ 19. Kc1 Qb2+ 0-1

[Event "Spring TNM"]
[Site "San Francisco"]
[Date "2006.04.18"]
[Round "4"]
[White "Whalley, Martin"]
[Black "Shankland, Sam"]
[Result "0-1"]
[WhiteElo "1818"]
[BlackElo "2106"]
[PlyCount "50"]
[EventDate "2006.03.28"]
[EventType "swiss"]
[EventRounds "8"]
[EventCountry "USA"]

1. d4 Nf6 2. Nf3 e6 3. Bg5 Be7 4. Nbd2 d5 5. e3 Nbd7 6. Bd3 h6 7. Bh4 b6 8. a4
c5 9. c3 Bb7 10. O-O Ne4 11. Bxe4 dxe4 12. Bxe7 Qxe7 13. Ne1 cxd4 14. exd4 O-O
15. Nc2 f5 16. Re1 Nf6 17. Nc4 Nd5 18. g3 f4 19. Qh5 e3 20. fxe3 f3 21. Kf1 f2
22. Rec1 Ba6 23. N2a3 Nxe3+ 24. Ke2 Nxc4 25. Nb5 e5 0-1

[Event "Spring TNM"]
[Site "San Francisco"]
[Date "2006.04.18"]
[Round "4"]
[White "Wilkerson, Max"]
[Black "Allen, Tom"]
[Result "1-0"]
[WhiteElo "1900"]
[BlackElo "1463"]
[PlyCount "45"]
[EventDate "2006.03.28"]
[EventType "swiss"]
[EventRounds "8"]
[EventCountry "USA"]

1. d4 Nf6 2. c4 e5 3. d5 Bc5 4. Nc3 d6 5. Qc2 h6 6. h3 Nbd7 7. e3 Bb6 8. Bd2 a5
9. Nf3 O-O 10. Be2 Nc5 11. O-O Bd7 12. Kh2 Qc8 13. e4 Nh7 14. g4 f6 15. Nh4 Qd8
16. Nf5 Rf7 17. Rg1 Ng5 18. h4 Ngxe4 19. Nxe4 Nxe4 20. Qxe4 Bxf2 21. Rg2 Bxf5
22. gxf5 g5 23. Rxf2 1-0